"Filozófiaelmélet a nagy ókori görög filozófusok szemével"

Elmentve itt :
Bibliográfiai részletek
Szerző: Benák Dóra
További közreműködők: nincs megadva (Témavezető)
Dokumentumtípus: Szakdolgozat
Megjelent: 2004
Tárgyszavak:
Online Access:http://diploma.bibl.u-szeged.hu/103671
LEADER 00734nta a2200205 i 4500
001 dipl103671
005 20210119085845.0
008 210114s2004 hu om 0|| zxx d
040 |a SZTE Diploma Repozitórium  |b hun 
041 |a zxx 
100 1 |a Benák Dóra 
245 1 0 |a "Filozófiaelmélet a nagy ókori görög filozófusok szemével"  |h [elektronikus dokumentum] /  |c Dóra Benák 
260 |c 2004 
650 4 |a Pedagógusképzés 
650 4 |a Social sciences 
650 4 |a Media and communications 
650 4 |a Media and socio-cultural communication 
650 4 |a Cultural studies, cultural diversity 
700 1 |a nincs megadva  |e ths 
856 4 0 |u http://diploma.bibl.u-szeged.hu/id/eprint/103671/1/2004_benak_dora.pdf  |z Dokumentum-elérés